| 000 | 00000nam 2200000za 4500 |
| 001 | 9.700364 |
| 003 | CaOODSP |
| 005 | 20210625000813 |
| 007 | cr ||||||||||| |
| 008 | 150407|1980||||xxc|||||o f|0| 0 eng d |
| 040 | |aCaOODSP|beng |
| 043 | |an-cn--- |
| 086 | 1 |aA43-861/1980E-PDF |
| 110 | 1 |aCanada.|bAgriculture Canada. |bCommunications Branch. |
| 245 | 10|aMushroom collecting for beginners / |h[electronic resource]|c[by] J. Walton Groves. |
| 250 | |aReprinted 1983 |
| 260 | |aOttawa - Ontario : |bAgriculture Canada. |cc1980. |
| 300 | |a40p.|billus., references |
| 500 | |aHistorical publication digitized by Agriculture and Agri-Food Canada. |
| 590 | |a15-03-Supp|b2015-03-13 |
| 720 | 1 |aGroves, Walton |
| 775 | 08|tCueillette des champignons sauvages / |w(CaOODSP)9.644262 |
| 856 | 40|ahttp://publications.gc.ca|qPDF|s2469 KB|uhttps://publications.gc.ca/collections/collection_2015/aac-aafc/A43-861-1980-eng.pdf |
| 986 | |aPublication 861 |